[Event "Capablanca Mem Premier II"]
[Site "Havana CUB"]
[Date "2003.05.11"]
[Round "6"]
[White "Gonzalez Garcia,J"]
[Black "Hernandez,Hol"]
[Result "1-0"]
[WhiteElo "2429"]
[BlackElo "2413"]

1.e4 c5 2.Nf3 d6 3.d4 cxd4 4.Nxd4 Nf6 5.Nc3 a6 6.Be3 Ng4 7.Bc1 Nf6 8.f3 Qb6
9.Nb3 e6 10.Qe2 Nbd7 11.g4 h6 12.h4 Qc7 13.Rg1 b5 14.g5 hxg5 15.hxg5 Ng8
16.a3 Ne7 17.Be3 Nb6 18.Qf2 Nc4 19.Bxc4 bxc4 20.Bb6 Qd7 21.Na5 Nc6 22.Nxc4 Ne5
23.Nxe5 dxe5 24.Rd1 Qc6 25.Rd8+ Ke7 26.Rd3 Ke8 27.Rd8+ Ke7 28.Ba5 Rb8 29.b3 Rb7
30.Rd3 Rd7 31.Rxd7+ Kxd7 32.Qd2+ Bd6 33.Bb4 Rh3 34.Bxd6 Qxd6 35.Qxd6+ Kxd6
36.Ke2 Kc5 37.Ke3 Rh2 38.b4+ Kc4 39.Ne2 a5 40.bxa5 Ba6 41.Rb1 Kc5 42.Nc3 Bc4
43.Rb6 Bf1 44.Na4+  1-0

[Event "Capablanca Mem Premier I"]
[Site "Havana CUB"]
[Date "2003.05.11"]
[Round "6"]
[White "Rodriguez Guerrero,E"]
[Black "Herrera,I"]
[Result "1/2-1/2"]
[WhiteElo "2502"]
[BlackElo "2436"]

1.e4 c5 2.Nf3 d6 3.d4 cxd4 4.Nxd4 Nf6 5.Nc3 a6 6.f3 e5 7.Nb3 Be7 8.Be3 Be6
9.Qd2 O-O 10.O-O-O Qc7 11.g4 Nbd7 12.h4 Rfc8 13.Qf2 b5 14.g5 Nh5 15.Bh3 a5
16.Nxb5 Qb8 17.Bxe6 fxe6 18.a4 Rc4 19.Ba7 Qf8 20.Nc3 Qc8 21.Be3 Qb7 22.Rd3 Qb4
23.Rhd1 Rb8 24.Qd2 Nb6 25.Na2 Qxd2+ 26.R1xd2 Nxa4 27.Nxa5 Ra8 28.b3 Rcc8
29.Nc4 Nc5 30.Bxc5 Rxc5 31.Kb2 Nf4 32.Re3 Rf8 33.Re1 Ng6 34.Rh1 d5 35.Nb6 d4
36.Nc4 Rb8 37.Ka1 Ra8 38.Nb6 Rb8 39.Na4 Rcb5 40.Rdd1 Nf4 41.Rb1 Bb4 42.Nxb4 Rxb4
43.Rb2 Kf7  1/2-1/2

[Event "67th ch-BUL"]
[Site "Sofia BUL"]
[Date "2003.05.11"]
[Round "5"]
[White "Dragiev,V"]
[Black "Simeonov,S"]
[Result "1/2-1/2"]
[WhiteElo "2450"]
[BlackElo "2345"]

1.e4 c5 2.Nf3 d6 3.d4 cxd4 4.Nxd4 Nf6 5.Nc3 a6 6.f3 e5 7.Nb3 Be6 8.Be3 Nbd7
9.Qd2 Be7 10.O-O-O b5 11.g4 Rc8 12.Qf2 Bxg4  1/2-1/2

[Event "53rd ch-HUN"]
[Site "Heviz HUN"]
[Date "2003.05.12"]
[Round "1"]
[White "Cao,S"]
[Black "Ruck,R"]
[Result "1/2-1/2"]
[WhiteElo "2531"]
[BlackElo "2569"]

1.e4 c5 2.Nf3 d6 3.d4 cxd4 4.Nxd4 Nf6 5.Nc3 a6 6.f3 Qb6 7.Nb3 e6 8.Qe2 Qc7
9.g4 b5 10.a3 Nc6 11.Bg2 Rb8 12.f4 Be7 13.O-O Nd7 14.Be3 Nb6 15.Nd4 Bd7 16.Qf2 O-O
17.Nxc6 Bxc6 18.Bd4 e5 19.Bxb6 Qxb6 20.Qxb6 Rxb6 21.f5 Rc8 22.Rfd1 a5 23.Bf1 b4
24.axb4 Rxb4 25.Rxa5 Rxb2 26.Bd3 Bd8 27.Raa1 Bb6+ 28.Kf1  1/2-1/2

[Event "67th ch-BUL"]
[Site "Sofia BUL"]
[Date "2003.05.15"]
[Round "9"]
[White "Cheparinov,I"]
[Black "Genov,Peta"]
[Result "1/2-1/2"]
[WhiteElo "2508"]
[BlackElo "2490"]

1.e4 c5 2.Nf3 d6 3.d4 cxd4 4.Nxd4 Nf6 5.Nc3 a6 6.f3 e6 7.Be3 b5 8.g4 Bb7
9.Qd2 Nfd7 10.O-O-O Be7 11.h4 Nc6 12.g5 Rc8 13.Kb1 Nce5 14.Bd3 Nb6 15.f4 Nbc4
16.Qe2 Nxd3 17.cxd3 Nxe3 18.Qxe3 d5 19.e5 Bc5 20.Nce2 Qb6 21.h5 O-O 22.Rdg1 Rc7
23.Rh4 b4 24.f5 exf5 25.g6 fxg6 26.hxg6 h6 27.Qg3 a5 28.Rf1 Bc8 29.Rhf4 a4
30.Qg2 Rd8 31.Nxf5 Bxf5 32.Rxf5 Rc6 33.Nf4 b3 34.Nxd5 bxa2+ 35.Ka1 Rxg6 36.Nxb6 Rxg2
37.Nxa4 Bd4 38.Kxa2 Re2 39.Kb3 Bxe5 40.Nc3 Bxc3 41.bxc3 Rxd3 42.Rf8+ Kh7
43.Rg1 Ree3 44.Rc8 Rg3 45.Rh1 Rh3 46.Rg1 Rdg3 47.Rd1 Rd3 48.Rg1 h5 49.Kb4 Rhg3
50.Rh1 Rg4+ 51.Rc4 Kg6 52.Rxg4+ hxg4 53.c4 g3 54.c5 Kg5 55.c6 Rd8 56.Kc5 Kg4
57.c7 Rc8 58.Kd6 g2 59.Ra1 Kg3 60.Kd7 Rf8 61.c8=Q Rxc8 62.Kxc8 g5 63.Kd7 Kf2
64.Ke6 g4 65.Kf5 g1=Q 66.Rxg1 Kxg1 67.Kxg4  1/2-1/2

[Event "TCh-RUS"]
[Site "Togliatti RUS"]
[Date "2003.05.16"]
[Round "1"]
[White "Shomoev,A"]
[Black "Loginov,Va"]
[Result "1/2-1/2"]
[WhiteElo "2558"]
[BlackElo "2540"]

1.e4 c5 2.Nf3 d6 3.d4 cxd4 4.Nxd4 Nf6 5.Nc3 a6 6.f3 e5 7.Nb3 Be6 8.Be3 Be7
9.Qd2 O-O 10.O-O-O Nbd7 11.g4 b5 12.g5 b4 13.Ne2 Ne8 14.Ng3 a5 15.Kb1 Qb8
16.Nf5 Bd8 17.Nxd6 Nxd6 18.Qxd6 Bc7 19.Qc6 Bb6 20.Bxb6 Rc8 21.Qd6 Qxb6 22.Qxb6 Nxb6
23.Rd6 Nc4 24.Bxc4 Bxc4 25.Nc1 Kf8 26.Rhd1 Rab8 27.b3 Be6 28.Kb2 Ke7 29.Ne2 a4
30.Ra6 a3+ 31.Kb1 Rc7 32.c4 bxc3 33.Kc2 Bc4 34.bxc4 Rb2+ 35.Kxc3 Rxe2 36.Rxa3 Rxh2
37.Ra5 f6 38.gxf6+ gxf6 39.a4 h5 40.Rad5 Rf2 41.a5 h4 42.Rh1 Rxf3+ 43.Kb4 Rf4
44.a6 Rxe4 45.Rc5 Ra7 46.Kb5 Re2 47.Kb6 Rd7 48.Rxh4 Rb2+ 49.Rb5 Rd6+ 50.Ka7 Ra2
51.Rb6 Rd7+ 52.Rb7 Kd6 53.Rxd7+ Kxd7 54.Kb6 Rb2+ 55.Kc5 Kc7 56.Rh7+ Kb8 57.Rf7 e4
58.Kd4 Rc2 59.Rxf6 e3 60.Rb6+ Ka7 61.Re6 e2 62.Kd3 Ra2 63.Rxe2 Rxe2  1/2-1/2

[Event "53rd ch-HUN"]
[Site "Heviz HUN"]
[Date "2003.05.17"]
[Round "6"]
[White "Acs,P"]
[Black "Ruck,R"]
[Result "0-1"]
[WhiteElo "2600"]
[BlackElo "2569"]

1.e4 c5 2.Nf3 d6 3.d4 cxd4 4.Nxd4 Nf6 5.Nc3 a6 6.f3 e5 7.Nb3 Nbd7 8.Be3 Rb8
9.a4 Qc7 10.a5 Be7 11.Na4 Qc6 12.c4 Nc5 13.Nbxc5 dxc5 14.Bd3 Nd7 15.O-O b5
16.axb6 Nxb6 17.Nc3 Nd7 18.Qd2 O-O 19.Nd5 Bd6 20.Ra2 Rd8 21.Qa5 Bb7 22.Bc2 Nf8
23.b4 Ne6 24.b5 axb5 25.cxb5 Qe8 26.Ba4 Nd4 27.b6 Qe6 28.Bxd4 Bxd5 29.Rb2 Bc4  0-1

[Event "53rd ch-HUN"]
[Site "Heviz HUN"]
[Date "2003.05.19"]
[Round "8"]
[White "Almasi,Z"]
[Black "Ruck,R"]
[Result "1/2-1/2"]
[WhiteElo "2676"]
[BlackElo "2569"]

1.e4 c5 2.Nf3 d6 3.d4 cxd4 4.Nxd4 Nf6 5.Nc3 a6 6.f3 b5 7.a4 b4 8.Nd5 Nxd5
9.exd5 g6 10.Be3 Bb7 11.Nb3 Nd7 12.Bd4 Rg8 13.Qd2  1/2-1/2

[Event "TCh-RUS"]
[Site "Togliatti RUS"]
[Date "2003.05.22"]
[Round "7"]
[White "Frolyanov,D"]
[Black "Pimonenko,B"]
[Result "0-1"]
[WhiteElo "2500"]
[BlackElo "2356"]

1.e4 c5 2.Nf3 d6 3.d4 cxd4 4.Nxd4 Nf6 5.Nc3 a6 6.f3 e5 7.Nb3 Be6 8.Be3 Nbd7
9.Qd2 b5 10.g4 Nb6 11.g5 Nfd7 12.Nd5 Rc8 13.h4 Nxd5 14.exd5 Bf5 15.Bd3 Bxd3
16.Qxd3 Nb6 17.O-O-O Nc4 18.Kb1 Qc7 19.h5 Be7 20.Bc1 O-O 21.Qf5 a5 22.g6 a4
23.h6 fxg6 24.Qh3 gxh6 25.Rdg1 axb3 26.cxb3 Na5 27.Qe6+ Kh8 28.Rh2 Rf6 29.Qh3 h5
30.Bg5 Rxf3 31.Qxf3 Bxg5 32.a3 Bf4 33.Rhg2 Nb7 34.Qh3 Re8 35.Qd3 Qd7 36.Ka2 Nc5
37.Qc3 Qf7 38.Rd1 h4 39.Re2 g5 40.b4 Nd7 41.Qc6 e4 42.Qxb5 h3 43.Rc2 Nf6
44.a4 h2 45.a5 Nxd5 46.Kb1 Ne3 47.Rc7 Qg6 48.Rdc1 Ng4 49.Rc8 Rxc8 50.Rxc8+ Kg7
51.Rc7+ Kh6 52.Qf1 Nf2  0-1

[Event "TCh-RUS"]
[Site "Togliatti RUS"]
[Date "2003.05.24"]
[Round "9"]
[White "Smirnov,P"]
[Black "Landa,K"]
[Result "1-0"]
[WhiteElo "2615"]
[BlackElo "2643"]

1.e4 c5 2.Nf3 d6 3.d4 cxd4 4.Nxd4 Nf6 5.Nc3 a6 6.f3 e5 7.Nb3 Be6 8.Be3 Nbd7
9.g4 b5 10.g5 b4 11.Ne2 Nh5 12.Qd2 a5 13.Ng3 Nxg3 14.hxg3 a4 15.Nc1 Qa5 16.f4 g6
17.Bg2 Nb6 18.b3 d5 19.Nd3 axb3 20.cxb3 Bg7 21.Nxe5 Nd7 22.exd5 Nxe5 23.fxe5 Rd8
24.O-O O-O 25.Qf2 Bxd5 26.Bb6 Qa8 27.Rad1 Rd7 28.Rxd5 Rxd5 29.Bc5 Qd8 30.Bxf8  1-0

[Event "CRO-Cup"]
[Site "Rabac CRO"]
[Date "2003.05.29"]
[Round "4"]
[White "Fercec,N"]
[Black "Savic,Mir"]
[Result "1-0"]
[WhiteElo "2442"]
[BlackElo "2239"]

1.e4 c5 2.Nf3 d6 3.d4 cxd4 4.Nxd4 Nf6 5.Nc3 a6 6.f3 e5 7.Nb3 Be6 8.Be3 Be7
9.Qd2 Nbd7 10.g4 Rc8 11.O-O-O Nb6 12.g5 Nfd7 13.Kb1 Nc4 14.Bxc4 Bxc4 15.h4 Qc7
16.h5 b5 17.g6 Nf6 18.h6 gxh6 19.gxf7+ Bxf7 20.Rxh6 b4 21.Na4 a5 22.Nb6 Rb8
23.Bg5 Rxb6 24.Bxf6 Bxf6 25.Rxf6 a4 26.Nc1 Rg8 27.f4 a3 28.fxe5 axb2 29.Nb3 Bxb3
30.cxb3 Rc6 31.Qxb2 Qe7 32.Qd4 dxe5 33.Qd5 Rxf6 34.Qxg8+ Rf8 35.Qc4 Rf6 36.Qc8+ Kf7
37.Rd7 Rf1+ 38.Kc2 Rf2+ 39.Kd1 Rxa2 40.Qc4+ Kf6 41.Rxe7 Kxe7 42.Qxb4+ Kf6
43.Qd6+  1-0

[Event "4th IECC"]
[Site "Istanbul TUR"]
[Date "2003.05.30"]
[Round "1"]
[White "Fedorov,Alex"]
[Black "Shneider,A"]
[Result "1/2-1/2"]
[WhiteElo "2604"]
[BlackElo "2497"]

1.e4 c5 2.Nf3 d6 3.d4 cxd4 4.Nxd4 Nf6 5.Nc3 a6 6.f3 e5 7.Nb3 Be6 8.Be3 Nbd7
9.g4 Nb6 10.g5 Nh5 11.Qd2 Be7 12.O-O-O Rc8 13.Kb1 O-O 14.Rg1 Qc7 15.Qf2 Nc4
16.Bxc4 Qxc4 17.Nd5 Bxd5 18.Rxd5 f5 19.gxf6 Nxf6 20.Qg2 Rf7 21.Rd3 Qe6 22.Rgd1 Nh5
23.Nc1 Rcf8 24.Bd2 Rf6 25.Ne2 Rg6 26.Qf1 Rf7 27.Nc3 Bf8 28.a3 h6 29.Bc1 Kh7
30.Qe2 Nf6 31.Qf1 Nd7 32.b3 Nf6 33.a4 Nh5 34.a5 Nf6 35.Ba3 Qc8 36.Kb2 Rc7
37.R1d2 Rc6 38.Na4 Nh5 39.Nb6 Qe6 40.Nd5 Rc8 41.Bb4 Rc6 42.c4 Rc8 43.Bc3 Rc6
44.Qf2 Qf7 45.Qh4 Nf6 46.Ne3 Nd7 47.Nf5 Nc5 48.Rd5 b6 49.Bb4 Nb7 50.axb6 Rxb6
51.Ba3 Qc7 52.Qf2 a5 53.Rb5 Ra6 54.Ne3 Nd8 55.Nd5 Qf7 56.f4 exf4 57.Qxf4 Qxf4
58.Nxf4 Rf6 59.Rf2 Be7  1/2-1/2

[Event "4th IECC"]
[Site "Istanbul TUR"]
[Date "2003.05.30"]
[Round "1"]
[White "Fedorov,Alex"]
[Black "Shneider,A"]
[Result "1/2-1/2"]
[WhiteElo "2604"]
[BlackElo "2497"]

1.e4 c5 2.Nf3 d6 3.d4 cxd4 4.Nxd4 Nf6 5.Nc3 a6 6.f3 e5 7.Nb3 Be6 8.Be3 Nbd7
9.g4 Nb6 10.g5 Nh5 11.Qd2 Be7 12.O-O-O Rc8 13.Kb1 O-O 14.Rg1 Qc7 15.Qf2 Nc4
16.Bxc4 Qxc4 17.Nd5 Bxd5 18.Rxd5 f5 19.gxf6 Nxf6 20.Qg2 Rf7 21.Rd3 Qe6 22.Rgd1 Nh5
23.Nc1 Rcf8 24.Bd2 Rf6 25.Ne2 Rg6 26.Qf1 Rf7 27.Nc3 Bf8 28.a3 h6 29.Bc1 Kh7
30.Qe2 Nf6 31.Qf1 Nd7 32.b3 Nf6 33.a4 Nh5 34.a5 Nf6 35.Ba3 Qc8 36.Kb2 Rc7
37.R1d2 Rc6 38.Na4 Nh5 39.Nb6 Qe6 40.Nd5 Rc8 41.Bb4 Rc6 42.c4 Rc8 43.Bc3 Rc6
44.Qf2 Qf7 45.Qh4 Nf6 46.Ne3 Nd7 47.Nf5 Nc5 48.Rd5 b6 49.Bb4 Nb7 50.axb6 Rxb6
51.Ba3 Qc7 52.Qf2 a5 53.Rb5 Ra6 54.Ne3 Nd8 55.Nd5 Qf7 56.f4 exf4 57.Qxf4 Qxf4
58.Nxf4 Rg4 59.Rf2 Be7 60.Nd5 Rxe4 61.Rb8 Bh4 62.Rf8 Ne6 63.Rfe8 Nc5 64.Rxe4 Nxe4
65.Kc2 Nf6 66.Rb6 Rxb6 67.Nxb6 Bf2 68.Nc8 Bc5 69.Bxc5 dxc5 70.Nd6 g5 71.Nb7 Nd7
72.Kd3 Kg6 73.Ke4 Nf6+ 74.Kf3 Nd7 75.Nxa5 Kf5 76.h3 h5 77.Nb7 Ke5 78.Ke3 g4
79.hxg4 hxg4 80.Nd8  1/2-1/2

[Event "4th IECC"]
[Site "Istanbul TUR"]
[Date "2003.06.03"]
[Round "5"]
[White "Alekseev,E"]
[Black "Kempinski,R"]
[Result "1/2-1/2"]
[WhiteElo "2607"]
[BlackElo "2553"]

1.e4 c5 2.Nf3 d6 3.d4 cxd4 4.Nxd4 Nf6 5.Nc3 a6 6.f3 e5 7.Nb3 Be6 8.Be3 Be7
9.Qd2 O-O 10.O-O-O Nbd7 11.g4 Qc7 12.h4 b5 13.g5 Nh5 14.Qf2 b4 15.Nd5 Bxd5
16.Rxd5 a5 17.Kb1 a4 18.Nc1 Rfb8 19.Rd1 Nf4 20.Qd2 Nb6 21.Bxb6 Rxb6 22.Nd3 b3
23.cxb3 axb3 24.a3 d5 25.exd5  1/2-1/2

[Event "4th IECC"]
[Site "Istanbul TUR"]
[Date "2003.06.03"]
[Round "5"]
[White "Kritz,L"]
[Black "Jobava,Ba"]
[Result "1-0"]
[WhiteElo "2468"]
[BlackElo "2566"]

1.e4 c5 2.Nf3 d6 3.d4 cxd4 4.Nxd4 Nf6 5.Nc3 a6 6.f3 b5 7.a4 b4 8.Nd5 Nxd5
9.exd5 Bb7 10.Nf5 Qa5 11.Bc4 e5 12.Be3 Nd7 13.Qd2 g6 14.Ng3 f5 15.Ne2 Rc8
16.Bb3 Nc5 17.Bxc5 Rxc5 18.O-O-O Bg7 19.Kb1 Rc7 20.h4 h5 21.g4 Bh6 22.Qd3 Bc8
23.gxh5 gxh5 24.Ng3 Rf7 25.Rhg1 Qd8 26.Qc4 Be3 27.Rg2 Rg8 28.Qe2 f4 29.Ne4 Rxg2
30.Qxg2 Bf5 31.Ng5 Rg7 32.Bc4 Qb6 33.b3 Ke7 34.Qe2 a5 35.Bd3 Bd7 36.Bc4 Bf2
37.Ne4 Bg1 38.Rd3 Bf5 39.Ka2 Bh3 40.Ng5 Bd7 41.Ne6 Bxe6 42.dxe6 Qf2 43.Qd1 Rg2
44.Kb1 Qb6 45.Qf1 Rg7 46.Rd1 Qf2 47.Qd3 Qd4 48.Qf1 Qe3 49.Bd5 Qc3 50.Qb5 Qc7
51.Qd3 Bd4 52.Qb5 Rg3 53.Bc4 Bc5 54.Qa6 Rg8 55.Bd5 Bf2 56.Qd3 Rg7 57.Bc4 Qc6
58.Bb5 Qc5 59.Qe4 Kf6 60.Bc4 Qc7  1-0

[Event "4th IECC"]
[Site "Istanbul TUR"]
[Date "2003.06.03"]
[Round "5"]
[White "Fedorov,Alex"]
[Black "Solak,D"]
[Result "1-0"]
[WhiteElo "2604"]
[BlackElo "2514"]

1.e4 c5 2.Nf3 d6 3.d4 cxd4 4.Nxd4 Nf6 5.Nc3 a6 6.f3 e6 7.Be3 b5 8.g4 h6 9.Qd2 b4
10.Nce2 e5 11.Nb3 a5 12.Ng3 a4 13.Nc1 d5 14.Bb5+ Bd7 15.Bxd7+ Qxd7 16.g5 hxg5
17.Bxg5 dxe4 18.Bxf6 Qxd2+ 19.Kxd2 e3+ 20.Kxe3 gxf6 21.h4 Ke7 22.Nd3 Nc6
23.f4 a3 24.b3 Rd8 25.h5 Nd4 26.Ke4 Nxc2 27.Nf5+ Ke6 28.Rad1 Nd4 29.fxe5 fxe5
30.Nf4+ exf4 31.Rxd4 Rxd4+ 32.Nxd4+ Kf6 33.Kxf4 Rg8 34.h6 Rh8 35.Nf5 Rh7
36.Ke4 Rh8 37.Rf1 Kg6 38.Ke5 f6+ 39.Ke6 Bxh6 40.Nxh6 Re8+ 41.Kd5 Kxh6 42.Rxf6+ Kg5
43.Re6 Rh8 44.Kc5 Kf5 45.Rb6 Rh2 46.Kxb4 Rxa2 47.Ra6 Ke5 48.Rxa3 Rc2 49.Ra6 Kd5
50.Kb5 Rc5+ 51.Ka4 Rc8 52.b4 Kc4 53.b5 Kc5 54.Ka5 Rc7 55.Ra8 Kc4 56.b6 Rc5+
57.Ka4  1-0

[Event "4th IECC"]
[Site "Istanbul TUR"]
[Date "2003.06.03"]
[Round "5"]
[White "Kritz,L"]
[Black "Jobava,Ba"]
[Result "1-0"]
[WhiteElo "2468"]
[BlackElo "2566"]

1.e4 c5 2.Nf3 d6 3.d4 cxd4 4.Nxd4 Nf6 5.Nc3 a6 6.f3 b5 7.a4 b4 8.Nd5 Nxd5
9.exd5 Bb7 10.Nf5 Qa5 11.Bc4 e5 12.Be3 Nd7 13.Qd2 g6 14.Ng3 f5 15.Ne2 Rc8
16.Bb3 Nc5 17.Bxc5 Rxc5 18.O-O-O Bg7 19.Kb1 Ke7 20.h4 h5 21.g4 Bh6 22.Qd3 Bc8
23.gxh5 gxh5 24.Ng3 Kf7 25.Rhg1 Qd8  1-0

[Event "4th IECC"]
[Site "Istanbul TUR"]
[Date "2003.06.07"]
[Round "8"]
[White "Korneev,O"]
[Black "Kempinski,R"]
[Result "0-1"]
[WhiteElo "2606"]
[BlackElo "2553"]

1.e4 c5 2.Nf3 d6 3.d4 cxd4 4.Nxd4 Nf6 5.Nc3 a6 6.f3 e5 7.Nb3 Be6 8.Be3 Be7
9.Qd2 O-O 10.O-O-O Nbd7 11.g4 Qc7 12.Kb1 Rfc8 13.Qf2 b5 14.g5 Nh5 15.h4 b4
16.Nd5 Bxd5 17.Rxd5 a5 18.Bh3 a4 19.Nc1 g6 20.Rhd1 Bf8 21.Bg4 Rcb8 22.Bxd7 Qxd7
23.Rxe5 b3 24.cxb3 axb3 25.a3 Qc7 26.Red5 Bg7 27.Nd3 Ra4 28.Nb4 Rbxb4 29.axb4 Ra2
30.Rc1 Qd8 31.Bb6 Qe8 32.Ra5 Nf4 33.Rd1 Rxa5 34.bxa5 Qa4 35.Rxd6 Qa2+ 36.Kc1 Qa1+
37.Kd2 Qxb2+ 38.Ke3 Ng2+ 39.Kd3 Qc3+ 40.Ke2 Nf4+ 41.Kd1 Qa1+ 42.Kd2 Bc3+
43.Ke3 Qc1+ 44.Rd2 Bxd2+ 45.Qxd2 b2  0-1

[Event "4th IECC"]
[Site "Istanbul TUR"]
[Date "2003.06.07"]
[Round "8"]
[White "Korneev,O"]
[Black "Kempinski,R"]
[Result "0-1"]
[WhiteElo "2606"]
[BlackElo "2553"]

1.e4 c5 2.Nf3 d6 3.d4 cxd4 4.Nxd4 Nf6 5.Nc3 a6 6.f3 e5 7.Nb3 Be6 8.Be3 Be7
9.Qd2 O-O 10.O-O-O Nbd7 11.g4 Qc7 12.Kb1 Rfc8 13.Qf2 b5 14.g5 Nh5 15.h4 b4
16.Nd5 Bxd5 17.Rxd5 a5 18.Bh3 a4 19.Nc1 g6 20.Rhd1 Bf8 21.Bg4 Rcb8 22.Bxd7 Qxd7
23.Rxe5 b3 24.cxb3 axb3 25.a3 Qc7 26.Red5 Bg7 27.Nd3 Qa5 28.Nb4 Qa4  0-1

[Event "IEWCC"]
[Site "Istanbul TUR"]
[Date "2003.06.08"]
[Round "6"]
[White "Gaponenko,I"]
[Black "Dzagnidze,N"]
[Result "0-1"]
[WhiteElo "2417"]
[BlackElo "2376"]

1.e4 c5 2.Nf3 d6 3.d4 cxd4 4.Nxd4 Nf6 5.Nc3 a6 6.f3 Qb6 7.Nb3 e6 8.Qe2 Qc7
9.Be3 b5 10.g4 b4 11.Na4 Nbd7 12.Qc4 Qxc4 13.Bxc4 d5 14.exd5 Ne5 15.Nb6 Nxc4
16.Nxc4 Nxd5 17.Bc5 Bxc5 18.Nxc5 Ra7 19.O-O-O Ke7 20.Rhe1 Rd8 21.Ne3 Nxe3
22.Rxd8 Kxd8 23.Rxe3 Ke7 24.Rb3 Rc7 25.Nd3 Bb7 26.Rxb4 Bxf3 27.Kd2 f6 28.Ra4 Bb7
29.c4 e5 30.b3 Rd7 31.Ke3 Rd4  0-1

[Event "4th IECC"]
[Site "Istanbul TUR"]
[Date "2003.06.10"]
[Round "10"]
[White "Socko,B"]
[Black "Genov,Peta"]
[Result "1/2-1/2"]
[WhiteElo "2577"]
[BlackElo "2490"]

1.e4 c5 2.Nf3 d6 3.d4 cxd4 4.Nxd4 Nf6 5.Nc3 a6 6.f3 e6 7.Be3 b5 8.g4 Bb7
9.Qd2 Nc6 10.Nxc6 Bxc6 11.O-O-O Be7 12.Kb1 O-O 13.h4 Nd7 14.Bd3 b4 15.Ne2 d5
16.Ng3 Ne5 17.Qe2 Bb5 18.Bg5 Nxd3 19.cxd3 f6 20.Bc1 Qd6 21.f4 dxe4 22.Nxe4 Qd5
23.Rhe1 Rad8 24.Nf2 Bc5 25.Be3 Rfe8 26.Bxc5 Qxc5 27.g5 f5 28.Qf3 Qd5 29.Qg3 b3
30.d4 bxa2+ 31.Ka1 Ba4 32.Rd2 Bb3 33.Nd1 Bxd1 34.Rdxd1 Rb8 35.Qa3 Rb6 36.Qxa2 Rd8
37.Qxd5 Rxd5 38.Re5 Rxe5 39.dxe5 Rb4 40.Rf1 h5 41.gxh6 gxh6 42.h5 Kf7 43.Ka2 Ke7
44.Ka3 a5 45.b3 Kd7 46.Rd1+ Ke7 47.Rf1 Ke8 48.Rf3 Kd7 49.Rd3+ Ke7 50.Rf3 Kd7
51.Rd3+  1/2-1/2

[Event "4th IECC"]
[Site "Istanbul TUR"]
[Date "2003.06.10"]
[Round "10"]
[White "Vokarev,S"]
[Black "Ivanisevic,I"]
[Result "1-0"]
[WhiteElo "2498"]
[BlackElo "2569"]

1.e4 c5 2.Nf3 d6 3.d4 Nf6 4.Nc3 cxd4 5.Nxd4 a6 6.f3 b5 7.Be3 Bb7 8.Qd2 Nbd7
9.O-O-O b4 10.Nd5 Nxd5 11.exd5 Bxd5 12.Qxb4 e6 13.Nf5 Nf6 14.c4 exf5 15.Qa4+ Qd7
16.Qxd7+ Kxd7 17.cxd5 g6 18.Kb1 Bg7 19.Bc4 Rhb8 20.Bb3 a5 21.Ba4+ Kd8 22.Bd4 Nh5
23.Rhe1 Bxd4 24.Re8+ Kc7 25.Re7+ Kb6 26.Rxd4 Ra7 27.Re3 Kc5 28.Rd2 Rb4 29.b3 Rc7
30.Rc3+ Kb6 31.Rc6+ Rxc6 32.dxc6 Kc7 33.Re2 Kd8 34.Re8+ Kc7 35.Re7+ Kc8 36.a3 Rb6
37.Rxf7 Nf4 38.Kc2 Ne6 39.Rf6 Nc5 40.Rxd6 Kc7 41.Rd4 Rb8 42.Kc3 Re8 43.Bb5 Kb6
44.a4 Re3+ 45.Kc4 Re1 46.b4 Rc1+ 47.Kd5 Nb3 48.Rd3 Na1 49.bxa5+ Kxa5 50.Ke6 Kb6
51.Rd7 Re1+ 52.Kd6 Rd1+ 53.Ke7 Re1+ 54.Kd8 Nb3 55.c7  1-0

[Event "4th IECC"]
[Site "Istanbul TUR"]
[Date "2003.06.11"]
[Round "11"]
[White "Mamedov,Rau"]
[Black "Georgiev,Kr"]
[Result "0-1"]
[WhiteElo "2330"]
[BlackElo "2516"]

1.e4 c5 2.Nf3 d6 3.d4 cxd4 4.Nxd4 Nf6 5.Nc3 a6 6.f3 e6 7.Be3 Be7 8.Qd2 b5
9.O-O-O Bb7 10.g4 Nc6 11.g5 Nd7 12.h4 Rc8 13.Kb1 Nce5 14.Bd3 Nb6 15.Qe1 d5
16.Nce2 Nbc4 17.Bc1 Qb6 18.Qg3 dxe4 19.Bxe4 Bxe4 20.fxe4 Nc6 21.h5 Nxd4 22.Nxd4 Qc7
23.Qf3 O-O 24.Rhf1 Qc5 25.b3 e5 26.Nf5 Na3+ 27.Ka1 Nxc2+ 28.Kb1 Na3+ 29.Ka1 Nc2+
30.Kb1 Nd4 31.Nxd4 exd4 32.Qd3 Bxg5 33.Rf5 Qxc1+ 34.Rxc1 Rxc1+ 35.Kb2 Be3
36.Ka3 Rc3 37.Qe2 Rfc8 38.Rd5 h6 39.e5 Rc2 40.Rd8+ Rxd8 41.Qxc2 d3 42.Qc7 Bg5  0-1

[Event "IEWCC"]
[Site "Istanbul TUR"]
[Date "2003.06.13"]
[Round "10"]
[White "Gaponenko,I"]
[Black "Mkrtchian,L"]
[Result "1/2-1/2"]
[WhiteElo "2417"]
[BlackElo "2416"]

1.e4 c5 2.Nf3 d6 3.d4 cxd4 4.Nxd4 Nf6 5.Nc3 a6 6.f3 e6 7.Be3 Be7 8.Qd2 Nc6
9.g4 O-O 10.O-O-O Nxd4 11.Qxd4 Nd7 12.Rg1 b5 13.g5 Qa5 14.Kb1 Bb7 15.h4 Ne5
16.Rg3 Rfc8 17.a3 Nc4 18.Bxc4 Rxc4 19.Qb6 Qxb6 20.Bxb6 Rc6 21.Ba5 f6 22.g6 hxg6
23.Rxg6 Kf7 24.Rdg1 Bf8 25.R6g2 Rc4 26.Rd2 Be7 27.Bb4 Rc6 28.Rh1  1/2-1/2

[Event "Master Open"]
[Site "Voronezh RUS"]
[Date "2003.06.13"]
[Round "2"]
[White "Morozov,D"]
[Black "Dobrov,V"]
[Result "0-1"]
[WhiteElo "2335"]
[BlackElo "2443"]

1.e4 c5 2.Nf3 d6 3.d4 cxd4 4.Nxd4 Nf6 5.Nc3 a6 6.f3 e5 7.Nb3 Be7 8.Be3 O-O
9.Qd2 Be6 10.O-O-O Qc7 11.g4 Rc8 12.g5 Nh5 13.Kb1 Nd7 14.Nd5 Bxd5 15.exd5 a5
16.Bh3 g6 17.Nc1 Nf4 18.Bxf4 exf4 19.Bxd7 Qxd7 20.Qxf4 Bf8 21.Nd3 Qb5 22.Rhe1 Rc4
23.Re4 Rac8 24.Qc1 Bg7 25.Rxc4 Qxc4 26.Nf2 Qe2 27.Ne4 Be5 28.Rd3 Qxh2 29.a4 Rc4
30.Rb3 Rc7 31.Rb6 h5 32.gxh6 f5 33.Nc3 Kh7 34.Nb5 Bf4 35.Qd1 Re7 36.Nd4 Qf2
37.Ka2 Rc7 38.c3 Rxc3 39.Rxb7+ Kxh6 40.Ne6 Rc1 41.Rb8 Kh7 42.Qb3 Be5 43.Qb7+ Kh6
44.Qa8 Rc8 45.f4 Bf6 46.Ng5 Kh5 47.Qb7 Rxb8 48.Qxb8 Qxf4 49.Ne6 Qxa4+ 50.Kb1 Qd1+  0-1

[Event "2nd It"]
[Site "Grenoble FRA"]
[Date "2003.06.24"]
[Round "5"]
[White "Delabaca,R"]
[Black "Saez,F"]
[Result "1/2-1/2"]
[WhiteElo "2166"]
[BlackElo "2281"]

1.e4 c5 2.Nf3 d6 3.d4 cxd4 4.Nxd4 Nf6 5.Nc3 a6 6.f3 Nc6 7.Be3 e6 8.Qd2 Qc7
9.O-O-O Be7 10.g4 Ne5 11.g5 Nfd7 12.h4 Nb6 13.f4 Nec4 14.Qd3 Nxe3 15.Qxe3 Bd7
16.f5 e5 17.Nb3 Rc8 18.Rh2 Rd8 19.Qf3 Bc8 20.Rhd2 Qc6 21.Na5 Qc5 22.Nb3 Qc6
23.Na5 Qc7 24.Nb3 Bd7 25.Qh5 Bc8 26.g6 fxg6 27.fxg6 h6 28.Rf2 Rf8 29.Rxf8+ Kxf8
30.Be2 Bf6 31.Qf3 Kg8 32.h5 Be6 33.Qg2 Qc8 34.Nd5 Nxd5 35.exd5 Bh3 36.Qg3 Bg5+
37.Kb1 Bf5 38.Bd3 Bg4 39.Rf1 Bf4 40.Qh4 Re8 41.Be4 Bf5 42.Qh1 Rf8 43.Nc1 Bd7
44.Nd3 Bg5 45.Rxf8+ Qxf8 46.Qf3 Qxf3 47.Bxf3 Be3 48.b3 Kf8 49.Nb2 Ke7 50.Nc4 Bf4
51.Nb6 Bf5 52.Kb2 Kf6 53.c4 Be3 54.Na8 Bd4+ 55.Kc1 e4 56.Be2 Ke5 57.Nc7 Bd7
58.Ne6 Bxe6 59.dxe6 Kxe6 60.Bg4+ Kf6 61.Kd1 a5 62.Be2 Ke5 63.Bg4 Bc5 64.Be2 Kd4
65.Bg4 b6 66.Be2 Bb4 67.Kc2 Ke3 68.Kd1 Bd2 69.Bg4 Kd3 70.Bf5 Bf4 71.Ke1 a4
72.bxa4 Kd4 73.Ke2 e3 74.Be6 Bg5 75.Bd5 Kc3 76.Bc6 Kxc4 77.Bb5+ Kd4 78.Bd3 d5
79.Bf5 Ke5 80.Bd3 Kf4 81.Kf1 d4 82.Bb5 Bh4 83.Bd3 Kf3 84.Bb5 e2+ 85.Bxe2+ Ke3
86.Bc4 d3 87.Be6 Kd2 88.Bd5 Kc1 89.Bb3 Kb2 90.Bc4  1/2-1/2

[Event "TCh-BIH"]
[Site "Jahorina BIH"]
[Date "2003.06.24"]
[Round "5"]
[White "Hadzic,A"]
[Black "Narancic,V"]
[Result "0-1"]
[WhiteElo "2155"]
[BlackElo "2362"]

1.e4 c5 2.Nf3 d6 3.d4 cxd4 4.Nxd4 Nf6 5.Nc3 a6 6.f3 e5 7.Nb3 Be6 8.Bg5 Nbd7
9.Qd2 Be7 10.Be2 Rc8 11.O-O-O O-O 12.g4 b5 13.h4 Qc7 14.Rh2 b4 15.Nd5 Bxd5
16.exd5 a5 17.Bb5 e4 18.f4 Nc5 19.Bxf6 Bxf6 20.g5 Bd8 21.Nd4 f5 22.Kb1 Qb7
23.Qe2 Bb6 24.b3 e3 25.Qxe3 Ne4 26.Bc6 Qa7 27.Rd3 Rf7 28.Kb2 Re7 29.Qg1 Nc3
30.Rhd2 Ne2 31.Qd1 Nxd4 32.Rxd4 Bxd4+ 33.Rxd4 Re4 34.Rxe4 fxe4 35.Qg4 Rf8
36.Qe6+ Qf7 37.Qxd6 e3 38.Bb5 Qxf4 39.Qe6+ Kh8 40.d6 Qd4+ 41.Kb1 e2 42.Bxe2 Rd8
43.Bd3 Qxd6 44.Qf5 g6 45.Qf7 Rf8 46.Qa7 Re8 47.Qf2 Qe5 48.a3 bxa3 49.Qf6+ Qxf6
50.gxf6 Rf8 51.Ka2 Rxf6 52.Kxa3 Rf4 53.c4 Rxh4 54.c5 Rh5 55.c6 Rc5 56.Be4 Kg7
57.Ka4 Kf6 58.c7 Rxc7 59.Kxa5 Ke5 60.Bf3 Rc3 61.Bd1 h5 62.b4 Ra3+ 63.Kb6 h4  0-1

[Event "TCh-BIH"]
[Site "Jahorina BIH"]
[Date "2003.06.24"]
[Round "5"]
[White "Almasi,Z"]
[Black "Lalic,B"]
[Result "1-0"]
[WhiteElo "2676"]
[BlackElo "2549"]

1.e4 c5 2.Nf3 d6 3.d4 cxd4 4.Nxd4 Nf6 5.Nc3 a6 6.f3 e5 7.Nb3 Be6 8.Be3 Nbd7
9.Qd2 b5 10.O-O-O Nb6 11.Qf2 Nc4 12.Bxc4 bxc4 13.Nc5 Be7 14.N5a4 h5 15.Nb6 Rb8
16.Ncd5 Bxd5 17.Nxd5 Nxd5 18.Rxd5 Rb5 19.Rhd1 Qa5 20.Kb1 O-O 21.Qd2 Qc7 22.Rxb5 axb5
23.Qd5 b4 24.b3 c3 25.a3 bxa3 26.Ka2 Rb8 27.Rd3 Qc8 28.Qa5 f5 29.Rxc3 Qe6
30.Qd5 Qxd5 31.exd5 Bf6 32.Rc6 e4 33.fxe4 Re8 34.Rxd6 Rxe4 35.Re6 Rg4 36.g3 h4
37.Rxf6 gxf6 38.Bf4 Kf7 39.b4 Rg8 40.b5 Rc8 41.b6 Rxc2+ 42.Kxa3 Rc3+ 43.Ka4 Rc4+
44.Kb5 Rc2 45.b7 Rxh2 46.gxh4  1-0

[Event "White Nights"]
[Site "St Petersburg RUS"]
[Date "2003.07.05"]
[Round "7"]
[White "Yagupov,I"]
[Black "Biriukov,O"]
[Result "1-0"]
[WhiteElo "2454"]
[BlackElo "2369"]

1.e4 c5 2.Nf3 d6 3.d4 cxd4 4.Nxd4 Nf6 5.Nc3 a6 6.f3 e6 7.Be3 b5 8.g4 h6 9.Qd2 Nbd7
10.O-O-O Bb7 11.h4 b4 12.Na4 Qa5 13.b3 Nc5 14.a3 Nxa4 15.axb4 Qc7 16.bxa4 d5
17.e5 Nd7 18.f4 Nb6 19.Rh3 h5 20.gxh5 Nxa4 21.Bf2 Rc8 22.Be1 Rxh5 23.Be2 Rh8
24.h5 Rh6 25.Rb3 Nb6 26.Bg3 Nc4 27.Qc3 Bc6 28.f5 Ba4 29.Bf4 Qd7 30.Bxh6 gxh6
31.fxe6 fxe6 32.Bg4 Qg7 33.Bxe6 Qg5+ 34.Kb1 Na3+ 35.Rxa3 Rxc3 36.Rxc3 Bxb4
37.Rc8+ Ke7 38.Rc7+ Kd8 39.Rc8+ Ke7 40.Rc7+ Kd8 41.Bf5  1-0